Tick-tock, Look at the Clock! with Winnie-the-Pooh / (Record no. 48531)
| 000 -LEADER | |
|---|---|
| fixed length control field | 00344nam a2200109 4500 |
| 020 ## - INTERNATIONAL STANDARD BOOK NUMBER | |
| International Standard Book Number | 9780416198546 |
| 100 ## - MAIN ENTRY--PERSONAL NAME | |
| Personal name | A.A. Milne, |
| Relator term | author. |
| 9 (RLIN) | 60662 |
| 245 ## - TITLE STATEMENT | |
| Title | Tick-tock, Look at the Clock! with Winnie-the-Pooh / |
| Statement of responsibility, etc | Based on the stories by A.A. |
| 260 ## - PUBLICATION, DISTRIBUTION, ETC. (IMPRINT) | |
| Place of publication, distribution, etc | London, |
| Name of publisher, distributor, etc | Methuen young books.; |
| Date of publication, distribution, etc | 2000. |
| 650 #0 - SUBJECT ADDED ENTRY--TOPICAL TERM | |
| 9 (RLIN) | 64637 |
| Topical term or geographic name as entry element | Time |
| Form subdivision | Fiction. |
| 942 ## - ADDED ENTRY ELEMENTS (KOHA) | |
| Source of classification or shelving scheme | |
| Koha item type | Board Book |
| Withdrawn status | Lost status | Source of classification or shelving scheme | Damaged status | Not for loan | Home library | Current library | Date acquired | Total Checkouts | Full call number | Barcode | Date last seen | Date checked out | Price effective from | Koha item type |
|---|---|---|---|---|---|---|---|---|---|---|---|---|---|---|
| Logos International School | Logos International School | 03/04/2025 | 9 | BB DIS | 040460 | 04/02/2026 | 03/26/2026 | 03/04/2025 | Board Book |